00970nam a2200193 a 4500008004100000050001800041100002900059245003700088260002500125300002400150350000900174650001300183650002900196995013700225995014500362999001700507952011800524952013400642120416s1977 ||||||||||||||||| || u aJC 273.Z2 Kan aKandeke, Timothy Katongo10aFundamentals of Zambian humanism aLusakabNeczamc1977 axxvii, 249p. : ill. a0.00 aHUMANISM aPOLITICAL THEORY--ZAMBIA aSPECIAL COLLECTIONSD0.00e718628FCBU-MAIN LIBRARY (Kitwe)H3I150.00jZAM JC 273.Z2 KanM3UAVAILABLEy024224ZZambiana Collection aBINDERY (DAMAGED)D0.00e711992FCBU-MAIN LIBRARY (Kitwe)H2I150.00jJC 273.Z2 KanM1UDAMAGEDy009342ZMain Library Open Access Collection c63388d63388 00102lcc4070a001b001cZambiana Collectiond2022-12-24l0oJC 273.Z2 Kanp024224r2022-12-24w2022-12-24y002 00102lcc4070a001b001cMain Library Open Access Collectiond2022-12-24l0oJC 273.Z2 Kanp009342r2022-12-24w2022-12-24y002